| 000 | 00549nam a2200181 4500 | ||
|---|---|---|---|
| 001 | 116073 | ||
| 003 | ES-MaACL | ||
| 005 | 20230906190627.0 | ||
| 007 | t| | ||
| 008 | 061121s1981 sp r ||||1| spa d | ||
| 100 | 1 |
_aPatel, A. _989554 |
|
| 245 | 1 | 0 |
_aManual de traumatología / _cpor A. Patel ; versión [del francés] del doctor T. Amat Puertolas. |
| 250 | _a1ª ed. | ||
| 260 |
_aBarcelona : _bToray-Masson, _c1981. |
||
| 300 |
_aX, 326 p. : _bil. ; _c21 cm. |
||
| 700 | 1 |
_aAmat Puértolas, T. _921143 |
|
| 852 |
_aES-MaACL _jL-2290 _bR.102849 |
||
| 999 |
_c116073 _d116073 |
||